Normal view MARC view

Entry Nombre personal

Number of records used in: 18

001 - NÚMERO DE CONTROL

  • campo de control: 42666

003 - IDENTIFICADOR DE NÚMERO DE CONTROL

  • campo de control: SpMaBN

005 - FECHA Y HORA DE LA ÚLTIMA TRANSACCIÓN

  • campo de control: 20230710165909.0

008 - ELEMENTOS DE DATO DE LONGITUD-FIJA

  • campo de control de longitud fija: 000000n| azznnaabn |n aaa

016 ## - NÚMERO DE CONTROL DE UNA AGENCIA BIBLIOGRÁFICA NACIONAL

  • Número de control del registro: BNE19974765675

024 7# - IDENTIFICADOR DE OTROS ESTÁNDARES

  • Número estándar o código: http://viaf.org/viaf/2838057/
  • Fuente: viaf

024 7# - IDENTIFICADOR DE OTROS ESTÁNDARES

  • Número estándar o código: https://isni.org/isni/0000000108637178
  • Fuente: isni

024 7# - IDENTIFICADOR DE OTROS ESTÁNDARES

  • Número estándar o código: http://www.wikidata.org/entity/Q5949031
  • Fuente: wikidata

040 ## - FUENTE DE CATALOGACIÓN

  • Centro catalogador/agencia de origen: SpMaBN
  • Lengua de catalogación: spa
  • Centro/agencia transcriptor: SpMaBN
  • Normas de descripción: rdc
  • Convención/Normas de encabezamiento de materia/tesauro: embne

046 ## - FECHAS CON CODIFICACIÓN ESPECIAL

  • Fecha de nacimiento: 1881
  • Fecha de la muerte: 1943

100 1# - ENCABEZAMIENTO-NOMBRE DE PERSONA

  • Nombre de persona: Dantín Cereceda, Juan,
  • Fechas asociadas al nombre: 1881-1943

370 ## - LUGAR ASOCIADO

  • Lugar de nacimiento: Madrid
  • Número de control del registro de autoridad o número normalizado: XX450543
  • Fuente de información: Wikidata

373 ## - GRUPO ASOCIADO

  • Grupo asociado: Ateneo de Madrid
  • Fuente de información: Listado de socios anteriores a 1 de abril de 1939 (Archivo del Ateneo); Ateneo de Madrid: memoria 1962-1967

374 ## - OCUPACIÓN

  • Ocupación: Naturalistas
  • Ocupación: Geógrafos
  • Fuente de información: Wikidata

375 ## - GÉNERO/SEXO

  • Género: Masculino

377 ## - IDIOMA ASOCIADO

  • Término de lengua/lenguaje: Español

670 ## - FUENTE DE DATOS ENCONTRADOS

  • Cita de la fuente: La alimentación en España, 2002 (reprod. de la ed. de 1934)
  • Información encontrada: port. (Juan Dantín Cereceda) p. [IX], etc. (n. 25-12-1881, Madrid, m. 23-10-1943; Lic. en Ciencias Naturales)

670 ## - FUENTE DE DATOS ENCONTRADOS

  • Cita de la fuente: El libro de la Tierra, 1934
  • Información encontrada: port. (selección y notas por Juan Dantín Cereceda, profesor del Instituto Nacional de San Isidro)

670 ## - FUENTE DE DATOS ENCONTRADOS

  • Cita de la fuente: WWW BN España aut., 10/07/2023
  • Información encontrada: (Dantín Cereceda, Juan, 1881-1943)

678 ## - DATOS BIOGRÁFICOS O HISTÓRICOS

  • Datos biográficos o históricos: Socio del Ateneo de Madrid n. 9918
  • Ampliación de la nota: Fuentes: Listado de socios anteriores a 1 de abril de 1939 (Archivo del Ateneo); Ateneo de Madrid: memoria 1962-1967